Democracy in Czechoslovakia

Bibliographic Details
Main Author: Lewis, Brackett, narodený 1894- (Author)
Format: Book
Language:English
PhysicalDescription:100 s. mp. 14 cm
Published: London Lincolns-Prager Publishers Ltd. 1944
Subjects:

MARC

LEADER 00000cam a2200000 a 4500
001 vtls011709190
003 SK-MaSNL
005 20260311142420.0
008 250313s1944 xxkb 000 0 eng
035 |a urn:nbn:sk:snk-am00d7p1 
035 |a urn:nbn:sk:snk-am3hshp 
035 |a FA26D4BF-2DCD-47C9-8BD4-B66B74C3B4A3 
040 |a SNK  |b slo  |c SNK  |e AACR2 
041 0 |a eng 
043 |a e-cs--- 
044 |a xxk  |c GB 
072 7 |a 323  |x Vnútropolitický vývoj, politický život  |2 konspekt 
080 |a 321.7+342.34  |2 2011 
080 |a 323.21  |2 2011 
080 |a (437)  |2 2011 
080 |a (035)  |2 2011 
080 |a (048.8)  |2 2011 
100 1 |a Lewis, Brackett,  |d narodený 1894-  |4 aut  |9 178804 
245 1 0 |a Democracy in Czechoslovakia  |c by Brackett Lewis 
260 |a London  |b Lincolns-Prager Publishers Ltd.  |c 1944 
300 |a 100 s.  |b mp.  |c 14 cm 
650 0 7 |a demokracia  |2 SNKPH  |9 3564 
650 0 7 |a občianska spoločnosť  |2 SNKPH  |9 4424 
650 0 7 |a Democracy  |2 SNKPHeng  |9 3565 
650 0 7 |a Civil society  |2 SNKPHeng  |9 318606 
651 7 |a Československo  |2 SNKPH  |9 21376 
651 7 |a Czechoslovakia  |2 SNKPHeng  |9 265183 
655 7 |a príručky  |2 SNKPH  |9 74364 
655 7 |a štúdie  |2 SNKPH  |9 57033 
655 7 |a Handbooks, manuals, etc.  |2 SNKPHeng  |9 90964 
655 7 |a Studies  |2 SNKPHeng  |9 265573 
752 |a Anglicko  |d Londýn 
852 |a Slovenská národná knižnica 
958 |a SP 
958 |a OND 
999 |c 1024702  |d 1026632 
952 |a SNK  |b SNK  |y PREZ  |7 0  |p 17A0732940  |o snkSE 907  |i snk5075/50  |0 0  |1 0  |4 0  |d 2017-09-04  |f 1  |l 0  |r 2026-02-24 13:35:27  |w 2026-02-24 
952 |a SNK  |b SNK  |y VYP  |7 0  |p 17A1188661  |o snkSE 907 D1  |i snkK 1972/65  |8 3  |0 0  |1 0  |4 0  |d 2017-10-12  |l 0  |r 2026-02-24 13:35:27  |w 2026-02-24 
952 |a SNK  |b SNK  |y VYP  |7 0  |p 17A1188629  |o snkSE 907 D2  |i snkV 2269/69  |8 2  |0 0  |1 0  |4 0  |d 2017-10-12  |l 0  |r 2026-02-24 13:35:27  |w 2026-02-24